000 nam a22 7a 4500
999 _c15484
_d15484
008 161101b xxu||||| |||| 00| 0 eng d
020 _a1405102292
050 _aRC 636 .H83 2003
100 _aHughes-Jones, N. C.
245 _aHaematology/
_cN. C. Hughe-Jones, S. N. Wickramasinghe and C. Hatton
250 _a7th ed.
260 _aMassachusetts:
_bBlackwell,
_c2003
300 _aviii, 222p. :
_bill. ;
_c23cm.
500 _aIncludes bibliographical references and index.
650 _aBlood.
_xDiseases.
_yOutlines, syllabi, etc.
700 _aWickramasinghe, S. N.
700 _aHatton, C.
942 _2lcc
_cBOOKS
_hRC 636 .H83 2003